Регионална библиотека "Любен Каравелов" - Русе

Беседи, лекции, разговори 1922 година (Запис номер 487988)

MARC детайли
000 -Лидер
Контролно поле с фиксирана дължина 02090nam a2200409 ac4500
001 - Контролен номер на записа
Контролно поле 493850
003 - Код на организацията, давaща контролен номер
Контролно поле BLK
005 - Дата и час на последна редакция
Контролно поле 20240405005730.0
008 - Елементи от данни с фиксирана дължина
fixed length control field 221219b bul|||||r ||||||| ||bul||
020 ## - Международен стандартен номер на книга ISBN
Международен стандартен номер на книга ISBN 9786199227107
040 ## - Източник на каталожния запис
Идентификатор на билиотеката - собственик на записа BLK
041 ## - Код за език
Код за езика на текст/звукозапис или на отделно заглавие Български
Код за езика КДБФ Български
080 ## - УДК
Текстов определител УДК Философски мистицизъм. Ранни езотерични школи. Кабала. Теософия. Антропософия. Суфизъм. Еклектизъм. Синкретизъм. Херметизъм. Розенкройцерство. Др. школи
УДК код - определител по УДК 141.33
УДК - код + определител 141.33
080 ## - УДК
УДК - код + определител 2-2
100 ## - Редна дума - Автор
Автор Дънов, Петър Константинов
Титли или други наименования, свързани с автора Беинса Дуно ; Учителя Беинса Дуно
Дати, свързани с автора 1864-1944
Автор - информация (биография) Философ, създава Школата на Всемирното Бяло братство в България
Авторска отговорност първи автор
R(LIN) 363384
139 ## - Редно поле
Редна дума Дънов, Петър Константинов
Авторски знак Дъ - Д 95
245 10 - Сведения за заглавието
Заглавие Беседи, лекции, разговори 1922 година
Подзаглавни данни Т. 1 -
Редно поле (дума) Учителят ; състав. Стоян Иванов Кючуков
257 ## - Страна на издаване
Страна на създаване/издаване България
260 ## - Област на издателските данни
Място на издаване, разпространение и проч. Ст. Загора
Име на издателя, разпространителя и проч. Изд. състав.
Година на издаване 2022
9 (RLIN) 209902
Печатница (София : Симолини-94)
Издателство - префикс ISBN 954-799-
300 ## - Физическа характеристика
Страници 958 с.
Размери/Мащаб 24 см
380 ## - Жанр
Жанр Философия
500 ## - Общи забележки
Забележка Загл. и текст на стар правопис. - Учителят - духовно име на Петър Константинов Дънов
650 #4 - Допълнително описание по предмет – тема
Основно описание – тема или топоним Дъновизъм
9 (RLIN) 153927
700 ## - Други автори (авторска отговорност)
Лично име Кючуков, Стоян Иванов
Автороска отговорност (Описва отношението между автора и произведението) състав.
9 (RLIN) 1478
773 ## - Описание на основна библиографска единица при аналитични записи (многотомни)
Редна дума на основното описание Дънов, Петър Константинов
Място на издаване, издател и година Ст. Загора Изд. състав.
Информация за връзката Част от:
Заглавие Беседи, лекции, разговори 1922 година
Контролен номер на записа 493850
852 ## - Местоположение
Форматна сигнатура Цб 316028
Фондова буква Хранилище
856 4# - Електронен адрес и достъп
Електронен формат pdf - файл
Инструкция (цена за достъп) 0.00
Права за достъп disable
856 4# - Електронен адрес и достъп
Електронен формат pdf - файл
Инструкция (цена за достъп) 0.00
Права за достъп disable
942 ## - АРТИКУЛИ
Вид на библиотечния материал Многотомно издание
Скрит в OPAC Не
Периодичен библиозапис Да
944 ## - СЪЗДАВАНЕ И РЕДАКЦИЯ на ЗАПИСА
Създаване/Редакция Създаване
Дата на регистрацията/редакция 2022-12-19
Статус, дата на статуса CRON CRON
Служител, извършил регистрацията/редакцията
999 ## - СИСТЕМНИ КОНТРОЛНИ НОМЕРА
Koha biblionumber 487988
Koha biblioitemnumber 487988
999 ## - СИСТЕМНИ КОНТРОЛНИ НОМЕРА
Koha biblioitemnumber 487988
999 ## - СИСТЕМНИ КОНТРОЛНИ НОМЕРА
Koha biblioitemnumber 487988
999 ## - СИСТЕМНИ КОНТРОЛНИ НОМЕРА
Koha biblioitemnumber 487988
999 ## - СИСТЕМНИ КОНТРОЛНИ НОМЕРА
Koha biblioitemnumber 487988
999 ## - СИСТЕМНИ КОНТРОЛНИ НОМЕРА
Koha biblioitemnumber 487988
999 ## - СИСТЕМНИ КОНТРОЛНИ НОМЕРА
Koha biblioitemnumber 487988
Наличности
Код за отписване Код за изгубен артикул Източник на класификационната схема Код за повреда Коз за рестрикции Код за отдаване Артикулен № Име на библиотеката - собственик Име на библиотеката, в която се намира в момента Статус (Текущо местоположение) Дата на вписване в системата Местоположение - отдел Цена в лева Систематично азбучна сигнатура Баркод Цена в евро Служебен тип на артикула Инвентарен номер
  Не е изгубен Universal Decimal Classification Не е повреден само за читалня ползва се в читалня 921401 Регионална библиотека "Любен Каравелов" Русе Регионална библиотека "Любен Каравелов" Русе Хранилище 2022-12-21 Хранилище 29.00 Цб 316028 120000881241 14.83 Книги  
  Не е изгубен Universal Decimal Classification Не е повреден   заемане за дома 942403 Регионална библиотека "Любен Каравелов" Русе Регионална библиотека "Любен Каравелов" Русе Заемна - подръчен фонд 2024-04-18 Заемна - подръчен фонд 29.00 14/Д 95 П 120000901426 14.83 Многотомно издание 120000901426
Vip Innovations Ltd, Rousse, Bulgaria 2025